Countries with embassies and consulates in Tanzania - Statistics

General Stats
  • This quiz has been taken 48 times
  • The average score is 50 of 57
Answer Stats
Continent Country % Correct
North America Canada
100%
Africa Kenya
100%
Europe United Kingdom
100%
Africa Algeria
97%
South America Brazil
97%
Europe France
97%
Europe Germany
97%
Europe Italy
97%
Asia Japan
97%
Africa Nigeria
97%
Africa South Africa
97%
Europe Sweden
97%
North America United States of America
97%
Africa Zambia
97%
Africa Zimbabwe
97%
Africa Angola
95%
Europe Belgium
95%
Asia India
95%
Asia Indonesia
95%
Asia Iran
95%
Asia/ Europe Russia
95%
Europe Spain
95%
Asia/ Europe Turkey
95%
Asia China
92%
Europe Denmark
92%
Europe Finland
92%
Africa Morocco
92%
Europe Norway
92%
Africa Rwanda
92%
Asia South Korea
92%
Africa Uganda
92%
Asia United Arab Emirates
92%
Africa D. R. Congo
90%
Africa Egypt
90%
Asia Oman
90%
Asia Yemen
90%
Africa Burundi
87%
North America Cuba
87%
Europe Ireland
87%
Africa Malawi
87%
Africa Mozambique
87%
Asia Pakistan
87%
Asia Qatar
87%
Africa Sudan
87%
Europe Switzerland
87%
Europe the Netherlands
87%
Africa Namibia
85%
Europe Poland
85%
Asia Vietnam
85%
Africa Libya
82%
Asia Saudi Arabia
79%
Asia North Korea
69%
Europe Vatican City
69%
Asia Syria
67%
Africa Kuwait
56%
Asia Palestine
51%
Africa Western Sahara
26%
No matching quizzes found
Score Distribution
Percent of People with Each Score
Percentile by Number Answered
Your Score History
You have not taken this quiz